LEADER 01199nam--2200409---450- 001 990003403520203316 005 20100524120733.0 010 $a978-0-8058-5903-4 035 $a000340352 035 $aUSA01000340352 035 $a(ALEPH)000340352USA01 035 $a000340352 100 $a20100524d2009----km-y0itay50------ba 101 $aeng 102 $aUS 105 $a||||||||001yy 200 1 $aApplied Multivariate Statistics for the Social Sciences$fJames P. Stevens 205 $a5 ed. 210 $aNew York$cRoutledge$d2009 215 $aXI, 651 P.$d24 CM 410 0$1001$12001 454 1$12001 461 1$1001-------$12001 606 0 $aScienze sociali$xMetodi statistici$2BNCF 676 $a301.01 700 1$aSTEVENS,$bJames P.$0607707 801 0$aIT$bsalbc$gISBD 912 $a990003403520203316 951 $a301.01 STE$b16520 DSSP 959 $aBK 969 $aDSSP 979 $aDSSP2$b10$c20100524$lUSA01$h1146 979 $aDSSP2$b10$c20100524$lUSA01$h1149 979 $aDSSP2$b10$c20100524$lUSA01$h1201 979 $aDSSP2$b10$c20100524$lUSA01$h1207 996 $aApplied Multivariate Statistics for the Social Sciences$91126353 997 $aUNISA LEADER 00968nam a2200277 i 4500 001 991001167559707536 005 20020502184537.0 008 980420s1984 uk ||| | eng 020 $a0745612407 035 $ab1147337x-39ule_inst 035 $aPRUMB56089$9ExL 040 $aDip. SSSC$bita 100 1 $aHeritage, John$0143981 245 10$aGarfinkel and ethnomethodology /$cJohn Heritage 260 $aCambridge [Cambridgeshire] ; New York :$bPolity Press,$c1984 300 $aVIII, 336 p. :$bill. ;$c23 cm. 500 $aIncludes index 500 $aBibliography: p. [315]-331. 650 4$aEtnometodologia 650 4$aGarfinkel, Harold 907 $a.b1147337x$b21-09-06$c01-07-02 912 $a991001167559707536 945 $aLE021 NAL32$g1$i2021000009464$lle021$o-$pE0.00$q-$rl$s- $t0$u0$v0$w0$x0$y.i11662918$z01-07-02 996 $aGarfinkel and ethnomethodology$9506234 997 $aUNISALENTO 998 $ale021$b01-01-98$cm$da $e-$feng$guk $h0$i1